Movies by Decade: 2000's - Statistics

General Stats
  • This quiz has been taken 199 times
  • The average score is 7 of 10
Answer Stats
Picture Hint Answer % Correct
2002 Spider-Man
100%
2009 Avatar
98%
2005 Harry Potter and the Goblet of Fire
92%
2001 The Lord of the Rings: The Fellowship of the Ring
91%
2008 The Dark Knight
84%
2004 Kill Bill: Volume 2
72%
2000 Scary Movie
70%
2007 No Country for Old Men
53%
2003 The Matrix Reloaded
37%
2006 The Departed
34%
No matching quizzes found
Score Distribution
Percent of People with Each Score
Percentile by Number Answered
Your Score History
You have not taken this quiz